000 00562nam a2200217Ia 4500
003 OSt
005 20220928140808.0
006 a|||||r|||| 00| 0
007 ta
008 220927b |||||||| |||| 00| 0 eng d
024 _a11916
037 _cTextual
040 _aSDCL
_cSDCL
_beng
041 _2eng
_aeng
082 _aX:8F, M0
100 _aJohnson Glenn
_9497697
245 0 _aFinney and miller's principles of accounting
_b Introductory
260 _c1980
942 _hX:8F, M0
_cTEXL
_2CC
999 _c814334
_d814334